[Event "Challenge"]
[Site "http://www.queenalice.com/game.php?id=307358"]
[Date "2007.11.20"]
[Round "-"]
[White "SardeBR"]
[Black "rveelen"]
[Result "1-0"]
[WhiteElo "1486"]
[BlackElo "1100"]

1. Nf3 c5 2. e3 Qb6 3. d4 cxd4 4. Nxd4 Qb4+ 5. Nc3 Nf6 6. Bb5 a6 7. Ba4 b5 8.
Bb3 Ne4 9. Bd2 Nf6 10. Qf3 Ra7 11. Ne4 Qxb3 12. Nxb3 Bb7 13. Nbc5 Bd5 14. Qf4 d6
15. f3 Nh5 16. Qf5 Bxe4 17. Qc8# 1-0

[Event "Challenge"]
[Site "http://www.queenalice.com/game.php?id=307474"]
[Date "2007.11.20"]
[Round "-"]
[White "pequenomestre"]
[Black "rveelen"]
[Result "1-0"]
[WhiteElo "1617"]
[BlackElo "1095"]

1. d4 e6 2. c4 Bb4+ 3. Bd2 Qe7 4. a3 Bxd2+ 5. Nxd2 Nc6 6. Ngf3 e5 7. d5 Nd4 8.
Nxd4 exd4 9. Nf3 Qc5 10. Qxd4 Qa5+ 11. Nd2 c5 12. Qxg7 Qb6 13. Qxh8 Kf8 14. e4
Qxb2 15. Qxb2 1-0

[Event "Challenge"]
[Site "http://www.queenalice.com/game.php?id=311717"]
[Date "2007.11.28"]
[Round "-"]
[White "otnedia1"]
[Black "rveelen"]
[Result "0-1"]
[WhiteElo "1349"]
[BlackElo "1112"]

1. e4 e5 2. Bc4 Nf6 3. Nf3 d5 4. Bb5+ c6 5. Ba4 dxe4 6. Nxe5 Qd4 7. Ng4 Qxa4 8.
Nxf6+ gxf6 9. Nc3 Qc4 10. d3 Qd4 11. Nxe4 Bb4+ 12. c3 Bxc3+ 13. bxc3 Qe5 14. f4
Qe6 15. g4 f5 16. gxf5 Qxf5 17. Nd6+ Kd7 18. Nxf5 Kd8 19. Nh4 h5 20. c4 Bg4 21.
Qa4 Re8+ 22. Kf1 Be2+ 23. Kg2 Bxd3 24. Qd1 Re2+ 25. Kf1 Re1+ 0-1

[Event "Invitation"]
[Site "http://www.queenalice.com/game.php?id=312666"]
[Date "2007.11.29"]
[Round "-"]
[White "kalim"]
[Black "rveelen"]
[Result "1-0"]
[WhiteElo "1792"]
[BlackElo "1137"]

1. d4 d5 2. c4 c6 3. Nc3 dxc4 4. e4 Qa5 5. Bxc4 Qb4 6. Bb3 Nf6 7. a3 Qa5 8. Bd2
Bg4 9. Nf3 Nbd7 10. h3 Bxf3 11. Qxf3 c5 12. e5 c4 13. Bxc4 Qb6 14. exf6 Nxf6 15.
O-O Qxd4 16. Bb5+ Kd8 17. Rad1 Qb6 18. Be3+ Qd6 19. Rc1 1-0

[Event "Challenge"]
[Site "http://www.queenalice.com/game.php?id=312796"]
[Date "2007.11.30"]
[Round "-"]
[White "rveelen"]
[Black "soccer6"]
[Result "0-1"]
[WhiteElo "1200"]
[BlackElo "1191"]

1. d4 Nc6 2. a3 Nh6 3. e4 e6 4. Bxh6 gxh6 5. Nf3 Bg7 6. Nc3 Qe7 7. Nb5 Kd8 8.
Qb1 Bf6 9. Qd1 Rg8 10. e5 Bg7 11. Qd3 Rh8 12. d5 Nb8 13. d6 cxd6 14. Qc3 Ke8 15.
Qxc8+ Qd8 16. Qxb7 Nc6 17. Nc7+ Kf8 18. Nxa8 Ne7 19. Qxa7 Nc6 20. Qa6 dxe5 21.
Bb5 e4 22. Nd2 f5 23. c3 Ke8 24. Bxc6 dxc6 25. Qxc6+ Ke7 26. Qb7+ Kf6 27. O-O-O
Re8 28. Nc7 Re7 29. Nxe4+ fxe4 30. Rxd8 Kg5 31. h4+ Kf5 32. Qb5+ Kf6 33. Ne8+
Kg6 34. h5+ Kf7 35. Nd6+ Kf6 36. Nxe4+ Kf7 37. Nd6+ Kf6 38. Ne4+ Kf7 39. Rd7
Rxd7 40. Qxd7+ Kf8 41. Qxe6 Bh8 42. Qxh6+ Kg8 43. Qe6+ Kg7 44. h6+ Kf8 0-1

[Event "Challenge"]
[Site "http://www.queenalice.com/game.php?id=316559"]
[Date "2007.12.7"]
[Round "-"]
[White "rveelen"]
[Black "amnesia"]
[Result "0-1"]
[WhiteElo "1137"]
[BlackElo "988"]

1. d4 d5 2. Nf3 Nc6 3. Qd2 Nf6 4. Nc3 e6 5. Ng5 Bb4 6. a3 Bxc3 7. bxc3 Ne4 8.
Qf4 f6 9. Qg4 fxg5 10. f3 e5 11. Qh5+ g6 12. Qh6 exd4 13. fxe4 dxc3 14. Bxg5 Qd6
15. Bf4 Ne5 16. exd5 Bf5 17. O-O-O Qxa3+ 18. Kb1 Qb2# 0-1

[Event "Let's Play Chess!"]
[Site "http://www.queenalice.com/game.php?id=316600"]
[Date "2007.12.7"]
[Round "-"]
[White "rveelen"]
[Black "charles31"]
[Result "0-1"]
[WhiteElo "1137"]
[BlackElo "1764"]

1. d4 d5 2. Nc3 e6 3. Bf4 a6 4. Qd3 Nc6 5. a3 Bd6 6. Bxd6 Qxd6 7. Nf3 Nf6 8. Ng5
h6 9. Nf3 Na5 10. Nd2 b5 11. O-O-O b4 12. Na4 Bd7 13. Nc5 bxa3 14. bxa3 Rb8 15.
Nxa6 Rb6 16. Nb4 O-O 17. Nf3 Rc8 18. Qc3 c5 19. Na2 Rcb8 20. h3 Ne4 21. Qe3 Rb1#
0-1

[Event "AUTO-OPEN-927"]
[Site "http://www.queenalice.com/game.php?id=316666"]
[Date "2007.12.7"]
[Round "1"]
[White "scandien"]
[Black "rveelen"]
[Result "1-0"]
[WhiteElo "2009"]
[BlackElo "1163"]

1. e4 d5 2. exd5 Qxd5 3. Nc3 Qe5+ 4. Be2 Qg5 5. Bf3 Bg4 6. Bxg4 Qe5+ 7. Qe2 Qd6
8. Nf3 Qg6 9. Ne5 Qg5 10. d4 Qf6 11. Qf3 Qxf3 12. Bxf3 e6 13. Bxb7 f6 14. Nf3
Ne7 15. Bxa8 Nf5 16. Bf4 Bb4 17. Bxc7 Nd7 18. Bc6 O-O 19. Bxd7 Rf7 20. Bxe6 h6
21. Kd2 a5 22. a3 Kf8 23. Bxf7 Kxf7 24. axb4 axb4 25. Nb5 g5 26. Ra7 1-0

[Event "AUTO-OPEN-927"]
[Site "http://www.queenalice.com/game.php?id=316667"]
[Date "2007.12.7"]
[Round "1"]
[White "rveelen"]
[Black "scandien"]
[Result "0-1"]
[WhiteElo "1178"]
[BlackElo "2013"]

1. d4 Nf6 2. Qd3 d5 3. Nf3 g6 4. Bg5 Bg7 5. Qb5+ Nc6 6. Nc3 Bd7 7. Qxb7 Rb8 8.
Qa6 Nb4 9. Qxa7 Nxc2+ 10. Kd1 Nxa1 11. Ne5 Bf5 12. Qa4+ Kf8 13. Bxf6 Bc2+ 14.
Qxc2 Nxc2 15. Kxc2 Bxf6 16. Nc6 Qe8 17. Nxb8 Qxb8 18. b3 Bxd4 19. Nxd5 Bxf2 20.
e3 c6 21. Nc3 Bxe3 22. Nd1 Qe5 23. a4 Kg7 24. Bd3 Rb8 25. Re1 Qc5+ 26. Bc4 Bg5
27. Kb1 Qxc4 28. Kb2 Rxb3+ 29. Ka2 Qxa4# 0-1

[Event "AUTO-OPEN-927"]
[Site "http://www.queenalice.com/game.php?id=316694"]
[Date "2007.12.7"]
[Round "1"]
[White "samurai007"]
[Black "rveelen"]
[Result "1-0"]
[WhiteElo "1453"]
[BlackElo "1098"]

1. d4 d5 2. e3 Qd6 3. Bd3 Nf6 4. f4 Qb4+ 5. c3 Qd6 6. Nf3 Ng4 7. h3 Nxe3 8. Bxe3
Nc6 9. O-O Qf6 10. Nbd2 Bf5 11. Bxf5 Qxf5 12. Ne5 Nxe5 13. fxe5 Qd3 14. Qf3 f6
15. Rae1 c6 16. exf6 gxf6 17. Qh5+ Kd8 18. Bh6 Bxh6 19. Qxh6 Qxd2 20. Qxd2 h6
21. Qe3 Re8 22. Rxf6 Kc7 23. Rf7 a6 24. Rxe7+ Rxe7 25. Qxe7+ Kb6 26. Qb4+ Kc7
27. Re7+ Kb8 28. Qxb7# 1-0

[Event "AUTO-OPEN-927"]
[Site "http://www.queenalice.com/game.php?id=316695"]
[Date "2007.12.7"]
[Round "1"]
[White "rveelen"]
[Black "samurai007"]
[Result "0-1"]
[WhiteElo "1175"]
[BlackElo "1611"]

1. d4 d5 2. Bf4 e6 3. Nc3 Bd6 4. Nb5 Bxf4 5. e3 Bh6 6. Qd3 a6 7. Qa3 Bd7 8. Nc3
g6 9. O-O-O Bf8 10. Qb3 Bc6 11. Nce2 Nf6 12. Nf3 Ne4 13. Rg1 b5 14. Ne5 Nxf2 15.
Qc3 Nxd1 16. Nxc6 Nxc3 17. Nxd8 Nxe2+ 18. Bxe2 Kxd8 19. Rf1 f5 20. g3 c5 21.
dxc5 Bxc5 22. Rf3 Nc6 23. Rf2 Bxe3+ 24. Kd1 Bxf2 25. c3 Na5 26. Bf3 Nc4 27. b3
Ne5 28. Be2 Rc8 29. Kc2 b4 30. Bxa6 Rxc3+ 31. Kb2 Nd3+ 32. Bxd3 Rxd3 0-1

[Event "AUTO-OPEN-927"]
[Site "http://www.queenalice.com/game.php?id=316714"]
[Date "2007.12.7"]
[Round "1"]
[White "rveelen"]
[Black "Dcar"]
[Result "0-1"]
[WhiteElo "1202"]
[BlackElo "1579"]

1. d4 Nf6 2. Nf3 g6 3. Ne5 Bg7 4. Nc3 O-O 5. Qd3 d6 6. Nf3 Nc6 7. d5 Nb4 8. Qd2
e6 9. a3 Nbxd5 10. Nb5 Ne4 11. Qd3 Nef6 12. Qc4 Nd7 13. Bg5 Qe8 14. e4 N5b6 15.
Qxc7 Nc5 16. Nxd6 Qc6 17. Qxc6 bxc6 18. Be7 Bxb2 19. Bxf8 Bc3+ 20. Kd1 Bxa1 21.
Ng5 Bd7 22. Be7 Nc8 23. Nxc8 Na4 24. Ba6 Bxc8 25. Bc4 Nb6 0-1

[Event "AUTO-OPEN-927"]
[Site "http://www.queenalice.com/game.php?id=316715"]
[Date "2007.12.7"]
[Round "1"]
[White "Dcar"]
[Black "rveelen"]
[Result "1-0"]
[WhiteElo "1642"]
[BlackElo "1173"]

1. Nf3 d5 2. g3 Bg4 3. Bg2 Qd6 4. O-O Nf6 5. Nc3 Nc6 6. Nb5 Qd7 7. d3 a6 8. Nc3
d4 9. Na4 b6 10. b3 h6 11. Bb2 O-O-O 12. c3 dxc3 13. Bxc3 b5 14. Nc5 Qf5 15.
Nxa6 Kb7 16. Nb4 Qc5 17. Rc1 Nxb4 18. Bd4 Qd6 19. Bc5 Qa6 20. Bxb4 Qxa2 21. Ra1
Qb2 22. Ne5+ Bf3 23. Bxf3+ c6 24. Bxc6+ Kb6 25. Ba5+ Kc5 26. Rc1+ Kd6 27. Nxf7+
Ke6 28. Nxd8+ 1-0

[Event "AUTO-BEG-163"]
[Site "http://www.queenalice.com/game.php?id=317094"]
[Date "2007.12.8"]
[Round "1"]
[White "CORREABR"]
[Black "rveelen"]
[Result "1-0"]
[WhiteElo "1265"]
[BlackElo "1173"]

1. b4 d5 2. Nf3 Qd6 3. Ba3 Nf6 4. Qc1 Nc6 5. c3 Bg4 6. b5 Qd7 7. bxc6 Qxc6 8.
Ne5 Qe6 9. d4 Ne4 10. Qf4 f6 11. c4 fxe5 12. dxe5 g5 13. Qe3 Qxe5 14. f3 1-0

[Event "AUTO-BEG-163"]
[Site "http://www.queenalice.com/game.php?id=317095"]
[Date "2007.12.8"]
[Round "1"]
[White "rveelen"]
[Black "CORREABR"]
[Result "0-1"]
[WhiteElo "1173"]
[BlackElo "1165"]

1. d4 Nc6 2. e4 d5 3. Qd3 Nb4 4. Qb3 a5 5. exd5 Qd6 6. Qa4+ c6 7. c3 Nxd5 8. Qc4
Bg4 9. h3 Qe6+ 10. Be2 b5 11. Qc5 Bf5 12. f3 Nf4 13. Bxf4 Bd3 14. Kd2 Bc4 15. d5
cxd5 0-1

[Event "AUTO-BEG-163"]
[Site "http://www.queenalice.com/game.php?id=317106"]
[Date "2007.12.8"]
[Round "1"]
[White "Marnik1971"]
[Black "rveelen"]
[Result "1-0"]
[WhiteElo "1368"]
[BlackElo "1184"]

1. e4 d5 2. Qf3 Qd6 3. Na3 d4 4. Bc4 Nf6 5. Nb5 Qb4 6. b3 Qa5 7. Nxd4 Ng4 8. h3
Ne5 9. Qc3 Qxc3 10. dxc3 e6 11. Bf4 Ng6 12. Nb5 Nxf4 13. g3 Kd8 14. gxf4 Nd7 15.
Rd1 a6 16. Nd4 Nf6 17. Ndf3+ Bd6 18. Ne5 Ke7 19. Ngf3 Nxe4 20. Bd3 Nxc3 21. Ra1
f6 22. Nc4 Bxf4 23. Nd4 e5 24. Nb6 cxb6 25. Rg1 g6 26. h4 exd4 27. a4 Re8 28.
Kf1 1-0

[Event "AUTO-BEG-163"]
[Site "http://www.queenalice.com/game.php?id=317107"]
[Date "2007.12.8"]
[Round "1"]
[White "rveelen"]
[Black "Marnik1971"]
[Result "1-0"]
[WhiteElo "1178"]
[BlackElo "1376"]

1. d4 e6 2. Nc3 Qf6 3. Nf3 Na6 4. Nb5 d6 5. Qd2 c6 6. Qd3 Bd7 7. Nxd6+ Bxd6 8.
Qb3 O-O-O 9. Bg5 Qf5 10. Bxd8 Kxd8 11. O-O-O Nf6 12. Qxb7 Bf4+ 13. e3 Bc8 14.
Qxf7 Nb4 15. Ne1 Nxa2+ 16. Kb1 Bxe3 17. fxe3 Nb4 18. Qxg7 Qxc2+ 19. Nxc2 Rg8 20.
Qxf6+ Ke8 21. Nxb4 Rf8 22. Qg7 Rf7 23. Qg8+ Rf8 24. Qxh7 Bd7 25. Qg6+ Rf7 26.
Nxc6 Bxc6 27. Qxe6+ Re7 28. Qxc6+ 1-0

[Event "AUTO-BEG-163"]
[Site "http://www.queenalice.com/game.php?id=317112"]
[Date "2007.12.8"]
[Round "1"]
[White "cvcbrown"]
[Black "rveelen"]
[Result "1-0"]
[WhiteElo "1245"]
[BlackElo "1128"]

1. e4 d5 2. Nc3 d4 3. Nd5 Be6 4. Nf4 Qd7 5. Nf3 Bg4 6. Be2 Nf6 7. e5 Ne4 8. O-O
Qc6 9. Nxd4 Bxe2 10. Qxe2 Qd5 11. Nxd5 1-0

[Event "AUTO-BEG-163"]
[Site "http://www.queenalice.com/game.php?id=317113"]
[Date "2007.12.8"]
[Round "1"]
[White "rveelen"]
[Black "cvcbrown"]
[Result "1-0"]
[WhiteElo "1144"]
[BlackElo "1137"]

1. d4 c6 2. Nf3 d5 3. Bg5 Qa5+ 4. Nc3 Bg4 5. h3 Bh5 6. Ne5 Na6 7. a3 Nf6 8. b4
Qc7 9. Bxf6 gxf6 10. Nd3 e5 11. dxe5 fxe5 12. Nxe5 Qxe5 13. Na4 Nxb4 14. Rb1 b5
15. Nc5 Qc3+ 16. Qd2 Nxc2+ 17. Kd1 1-0